Planeamiento de los servicios de comunidad para menores en dificultades

Gardado en:
Detalles Bibliográficos
Autor Principal: Kahn, Alfred J (Author)
Formato: Libro
Idioma:Lingua castelá
Publicado: Buenos Aires Bibliográfica Omeba 1967
Series:América en Letras
Subjects:
Tags: Engadir etiqueta
Sen Etiquetas, Sexa o primeiro en etiquetar este rexistro!

MARC

LEADER 00000nam a2200000 a 4500
001 UCR8385
003 CL-VaPUC
008 980529e19670000AG |||||||||||||||||spa|d
082 0 4 |a 362.708  |b KAH  |2 21 
100 0 |a Kahn, Alfred J  |e author  |9 410038 
245 1 0 |a Planeamiento de los servicios de comunidad para menores en dificultades 
300 |a 564 p 
942 |c BK 
945 |d 19980529 00:00:00  |a cmena 
260 |a Buenos Aires  |b Bibliográfica Omeba  |c 1967 
650 7 |a MENORES EN SITUACION IRREGULAR  |2 CL-VaPUC  |9 255314 
650 0 |a Niños  |9 255605 
650 0 |a Problemas sociales  |9 258537 
650 0 |a Derechos del niño  |9 258728 
650 0 |a Bienestar social   |9 255298 
583 |a last modification  |c 19980529 00:00:00  |k Rodrigo Vera 
490 0 |a América en Letras 
999 |c 269791  |d 269789 
952 |0 0  |1 0  |4 0  |6 362_708000000000000_KAH_1967  |7 0  |8 A  |9 303799  |a BIBGIM  |b BIBGIM  |d 2019-11-20  |i 1406027  |o 362.708 KAH 1967  |p 1406027  |r 2025-01-15  |w 2019-11-20  |y BK  |k SSL